Speak Now-Album (Taylor's Version, Taylor Swift) - Statistics

General Stats
  • This quiz has been taken 989 times
  • The average score is 18 of 22
Answer Stats
# Track % Correct
1. Mine
96%
4. Speak Now
96%
2. Sparks Fly
92%
9. Enchanted
91%
14. Long Live
89%
5. Dear John
88%
3. Back To December
87%
6. Mean
87%
18. (From The Vault) When Emma Falls in Love
86%
20. (From The Vault, Feat Hayley Williams) Castles Crumbling
85%
12. Haunted
83%
19. (From The Vault) I Can See You
83%
10. Better Than Revenge
82%
17. (From The Vault, Feat. Fall Out Boy) Electric Touch
81%
22. (From The Vault) Timeless
76%
13. Last Kiss
75%
16. Superman
73%
7. The Story Of Us
73%
11. Innocent
71%
21. (From The Vault) Foolish One
69%
15. Ours
69%
8. Never Grow Up
68%
No matching quizzes found
Score Distribution
Percent of People with Each Score
Percentile by Number Answered
Your Score History
You have not taken this quiz